000 00845nam a2200277 i 4500
001 bg
003 BPK
005 20191023144217.0
008 031003s1975 pl a f f |000 0 pol
015 _aPB 1975/4773
040 _aWA N
_cBPK
041 0 _apol
080 _a621.941
080 _a(083.1)
100 1 _aDudik, Karol.
_eAutor
245 1 0 _aPoradnik tokarza /
_cKarol Dudik.
250 _aWyd. 8 uktual. i uzup.
260 _aWarszawa :
_bWydawnictwa Naukowo-Techniczne,
_c1975.
300 _a773, [1] s., 3 s. tabl. :
_bil., tab., wykr. ;
_c20 cm.
504 _aBibliogr.
655 4 _aPoradnik
650 4 _aTokarstwo
710 2 _aWydawnictwa Naukowo-Techniczne
_4pbl.
856 _uhttp://koha.tu.koszalin.pl/cgi-bin/koha/opac-detail.pl?biblionumber=7714
_yKatalog online BPK
942 _2UKD
_cKS
999 _c7714
_d7714